| 000 | 00579nam a2200193Ia 4500 | ||
|---|---|---|---|
| 008 | 151119s9999||||xx |||||||||||||| ||und|| | ||
| 082 | _a510 | ||
| 082 | _bGKKV8846 | ||
| 100 | _a"आपटे , मोहन" | ||
| 245 | _aगणिताच्या पाउलखुणा | ||
| 260 | _a-- | ||
| 260 | _b-- | ||
| 260 | _c0 | ||
| 600 | _a"आपटे , मोहन" | ||
| 630 | _aगणिताच्या पाउलखुणा | ||
| 700 | _a"आपटे , मोहन" | ||
| 730 | _aगणिताच्या पाउलखुणा | ||
| 942 | _cBOOK | ||
| 999 |
_c1063233 _d1063230 |
||